Statystyki dla Test: ,, Który, z podanych'' ( Geografia)

Kliknij tutaj aby rozwiązać quiz!

Ogólne statystyki

  • Ten quiz został rozwiązany 112 razy
  • Średni wynik to 7 z 15

Statystyki odpowiedzi

ZagadnienieOdpowiedź% Poprawnych
Który z podanych stanów USA,NIE MA dostepu, do Oceanu Atlantyckiego?Ohio
66%
Który z podanych województw, graniczy z więcej niż jednym krajem?Dolnośląskie
65%
Które z tych państw NIE graniczy z Serbia?Słowenia
58%
Do którego z tych państw, należą Falklandy?Wielka Brytania
58%
Który z podanych państw MA dostęp do morza?Bośnia i Hercegowina
57%
Który z podanych państw ma stolicę o nazwie Duszanbe?Tadżykistan
55%
Które z podanych polskich miast jest najmniejsze? (ludność)Gdańsk
53%
Do którego z podanych państw, należą Wyspy Owcze?Dania
45%
Które z podanych państw ma największą powierzchnię?Mikronezja
42%
Które z podanych państw Nie graniczy z Rosją?Armenia
41%
Który z podanych stanów USA, NIE graniczy z Kanadą?Oregon
41%
Przez które z podanych państw NIE przebiega południk 0?Libia
39%
Które z tych państw, ma największą powierzchnię?Kongo
36%
Który z podanych państw ma największą powierzchnię?Zjednoczone Emiraty Arabskie
32%
Która z podanych wysp ma największą powierzchnię?Nowa Gwinea
15%

Rozkład punktacji

Percentyl według liczby udzielonych odpowiedzi

Procent ludzi z każdym wynikiem

Twoja historia wyników

Nie rozwiązałeś tego quizu